| 000 | 00961cam a2200277 i 4500 | ||
|---|---|---|---|
| 001 | 17754771 | ||
| 003 | ARRUPE | ||
| 005 | 20150519020007.0 | ||
| 008 | 130528s2013 nyu b 001 0 eng | ||
| 010 | _a 2013013925 | ||
| 020 | _a9781626980525 (pbk.) | ||
| 040 |
_aDLC _beng _cDLC _erda _dDLC |
||
| 042 | _apcc | ||
| 043 | _af------ | ||
| 050 | 0 | 0 |
_aBR128.A16 _bM34 2013 |
| 100 | 1 |
_aMagesa, Laurenti, _d1946- _99074 |
|
| 245 | 1 | 0 |
_aWhat is not sacred? : _bAfrican spirituality / _cby Laurenti Magesa. |
| 300 |
_axii, 220 pages ; _c24 cm |
||
| 504 | _aIncludes bibliographical references (pages 199-211) and index. | ||
| 650 | 0 |
_aChristianity and other religions _xAfrican. _910506 |
|
| 650 | 0 |
_aChristianity _zAfrica. _911190 |
|
| 651 | 0 |
_aAfrica _xReligion. _911191 |
|
| 906 |
_a7 _bcbc _corignew _d1 _eecip _f20 _gy-gencatlg |
||
| 942 |
_2lcc _cMONOGRAPH _04 |
||
| 999 |
_c120813 _d120813 |
||